|
|
|
|
| LEADER |
03391nam a22003853i 4500 |
| 001 |
EBC6274417 |
| 003 |
MiAaPQ |
| 005 |
20231204023214.0 |
| 006 |
m o d | |
| 007 |
cr cnu|||||||| |
| 008 |
231204s2020 xx o ||||0 ger d |
| 020 |
|
|
|a 9783839450444
|q (electronic bk.)
|
| 020 |
|
|
|z 9783837650440
|
| 035 |
|
|
|a (MiAaPQ)EBC6274417
|
| 035 |
|
|
|a (Au-PeEL)EBL6274417
|
| 035 |
|
|
|a (OCoLC)1182840525
|
| 040 |
|
|
|a MiAaPQ
|b eng
|e rda
|e pn
|c MiAaPQ
|d MiAaPQ
|
| 100 |
1 |
|
|a Lammer, Christina.
|
| 245 |
1 |
0 |
|a Erinnerung und Identität :
|b Literarische Konstruktionen in Doeschka Meijsings Prosa.
|
| 250 |
|
|
|a 1st ed.
|
| 264 |
|
1 |
|a Bielefeld :
|b transcript,
|c 2020.
|
| 264 |
|
4 |
|c {copy}2020.
|
| 300 |
|
|
|a 1 online resource (297 pages)
|
| 336 |
|
|
|a text
|b txt
|2 rdacontent
|
| 337 |
|
|
|a computer
|b c
|2 rdamedia
|
| 338 |
|
|
|a online resource
|b cr
|2 rdacarrier
|
| 490 |
1 |
|
|a Lettre
|
| 505 |
0 |
|
|a Cover -- Inhalt -- 1. Einleitung -- 1.1 Forschungsstand, Textkorpus, Prämissen -- 1.2 Exkurs: Konfliktpotentiale der Analyse von Identitätskategorien -- 1.3 Aufbau der Arbeit -- Konstruktionen von Erinnerung und Identität -- 2. Gedächtnisforschung - Schwerpunkt Erinnerung und Intersektionalität -- 2.1 Exkurs: Unbehagen der Erinnerungskultur? -- 2.2 Erinnerungskonstruktionen: Gedächtnis, Erinnerung, Vergessen -- 2.3 Identitätskonstruktionen: Intersektionalität -- 3. Narratologie und Intersektionalität -- 3.1 Grenzen der traditionellen Narratologie -- 3.2 Erste Ansätze einer intersektional ausgerichteten Narratologie: Mieke Bal, Toni Morrison und Maaike Meijer -- 3.3 Intersektional ausgerichtete Narratologie -- Erinnerungskonstruktionen -- 4. Zur Einführung: Erinnerungskonstruktionen als narrative Strategie -- 4.1 Vergangenes untersuchen -- 4.2 Selektion und Ordnung -- 4.3 Differenzierung des Ich -- 4.4 Zusammenfassung -- 5. Labyrinthe und labyrinthisches Erzählen -- 5.1 Weltmodelle -- 5.2 Minotaurus -- 5.3 Wege -- 5.4 Zusammenfassung -- 6. Hochgradige Erinnerungshaftigkeit: unnatürliches und unzuverlässiges Erzählen -- 6.1 Unnatürliche und unzuverlässige Inszenierungen von Erinnerung -- 6.2 Unnatürliches Erzählen -- 6.3 Unzuverlässiges Erzählen -- 6.4 Zusammenfassung -- Identitätskonstruktionen -- 7. Begehrensdreiecke -- 7.1 Das Begehren verstehen -- 7.2 Im Erinnern begehren -- 7.3 Das Begehren erinnern -- 7.4 Zusammenfassung -- 8. Deprivilegierungen -- 8.1 Fehlende Zugehörigkeit -- 8.2 Falsche Zugehörigkeit -- 8.3 Kenntnis der Zugehörigkeit -- 8.4 Zusammenfassung -- 9. Privilegierungen -- 9.1 Geschlechterverhältnisse -- 9.2 Vater-Sohn-Verhältnisse -- 9.3 Geschwisterverhältnisse -- 9.4 Zusammenfassung -- 10. Fazit -- Literatur -- Dankwort -- Textkorpus -- Siglenverzeichnis -- Glossar literarischer Figuren -- Index.
|
| 588 |
|
|
|a Description based on publisher supplied metadata and other sources.
|
| 590 |
|
|
|a Electronic reproduction. Ann Arbor, Michigan : ProQuest Ebook Central, 2023. Available via World Wide Web. Access may be limited to ProQuest Ebook Central affiliated libraries.
|
| 655 |
|
4 |
|a Electronic books.
|
| 776 |
0 |
8 |
|i Print version:
|a Lammer, Christina
|t Erinnerung und Identität
|d Bielefeld : transcript,c2020
|z 9783837650440
|
| 797 |
2 |
|
|a ProQuest (Firm)
|
| 830 |
|
0 |
|a Lettre
|
| 856 |
4 |
0 |
|u https://ebookcentral.proquest.com/lib/matrademy/detail.action?docID=6274417
|z Click to View
|